[Event "Chess Stars 5.0 Blitz"]
[Site "Moscow RUS"]
[Date "2025.06.29"]
[Round "5.3"]
[White "Sadhwani, Raunak"]
[Black "Assaubayeva, Bibisara"]
[Result "0-1"]
[WhiteTitle "GM"]
[BlackTitle "IM"]
[WhiteElo "2672"]
[BlackElo "2509"]
[WhiteFideId "35093487"]
[BlackFideId "13708694"]
[EventDate "2025.06.29"]

1. e4 c5 2. Nf3 d6 3. d4 cxd4 4. Nxd4 Nf6 5. Nc3 a6 6. Be3 e5 7. Nf3 h6 8. Bc4
Qc7 9. Bb3 Nc6 10. O-O Be7 11. Nh4 Na5 12. Qf3 Nxb3 13. cxb3 O-O 14. Rac1 Qa5
15. a3 Be6 16. b4 Qd8 17. Nf5 Bxf5 18. Qxf5 Rc8 19. Rfd1 Rc6 20. Rd3 Qc8 21. Qf3
Rc4 22. Re1 Qe6 23. h3 Rfc8 24. Bd2 b5 25. g4 Bf8 26. Kg2 g6 27. Rd1 Rd4 28. Be3
Rxd3 29. Rxd3 Bg7 30. Qd1 Bf8 31. f3 Qc4 32. h4 h5 33. Bg5 Ne8 34. gxh5 gxh5 35.
f4 f6 36. Rg3 fxg5 37. Qxh5 exf4 38. Rxg5+ Bg7 39. Qg4 Kh8 40. Qh5+ Kg8 41. Qg4
Kh8 42. Qh5+ Kg8 43. Qg4 Kh8 44. Qf5 Rc7 45. Rh5+ Kg8 46. Qh7+ Kf8 47. Qg6 Rf7
48. Rf5 Rxf5 49. Qxf5+ Kg8 50. Qxf4 Bxc3 51. bxc3 Qxc3 52. Qf5 Qb2+ 53. Kh3
Qxa3+ 54. Kg4 Qxb4 55. Qe6+ Kf8 56. h5 Qe1 57. h6 Qg1+ 58. Kf5 Qf1+ 59. Kg6 Qg2+
60. Kh7 Qg5 61. Kh8 Qf6+ 62. Kh7 Qxe6 0-1

[Event "Chess Stars 5.0 Blitz"]
[Site "Moscow RUS"]
[Date "2025.06.29"]
[Round "5.4"]
[White "Hou, Yifan"]
[Black "Lagno, Kateryna"]
[Result "1-0"]
[WhiteTitle "GM"]
[BlackTitle "GM"]
[WhiteElo "2633"]
[BlackElo "2515"]
[WhiteFideId "8602980"]
[BlackFideId "14109336"]
[EventDate "2025.06.29"]

1. e4 e5 2. Nf3 Nc6 3. Bc4 Nf6 4. d3 d5 5. exd5 Nxd5 6. Bg5 f6 7. Be3 Nxe3 8.
fxe3 Na5 9. Nxe5 fxe5 10. Qh5+ g6 11. Qxe5+ Qe7 12. Qxh8 Qxe3+ 13. Kf1 Nxc4 14.
dxc4 Qc1+ 15. Kf2 Qxh1 16. Nc3 Qxa1 17. Nd5 Be6 18. Qe5 Kf7 19. Qxc7+ Ke8 20.
Qe5 1-0

[Event "Chess Stars 5.0 Blitz"]
[Site "Moscow RUS"]
[Date "2025.06.29"]
[Round "5.5"]
[White "Karjakin, Sergey"]
[Black "Goryachkina, Aleksandra"]
[Result "1/2-1/2"]
[WhiteTitle "GM"]
[BlackTitle "GM"]
[WhiteElo "2750"]
[BlackElo "2533"]
[WhiteFideId "14109603"]
[BlackFideId "4147103"]
[EventDate "2025.06.29"]

1. e4 c5 2. Nf3 Nc6 3. Nc3 g6 4. Bb5 Bg7 5. O-O e5 6. d3 Nge7 7. a3 O-O 8. Bc4
h6 9. Nd5 d6 10. c3 Be6 11. b4 Kh7 12. Re1 Rc8 13. bxc5 dxc5 14. Nxe7 Qxe7 15.
Bd5 c4 16. a4 Rfd8 17. Ba3 Qe8 18. dxc4 Na5 19. c5 Nc4 20. Qb3 Nxa3 21. Bxe6
Qxe6 22. Qxe6 fxe6 23. Rxa3 Rxc5 24. Kf1 Rdc8 25. Rc1 b6 26. Ke2 Bf8 27. Nd2 h5
28. Rc2 R5c6 29. Rb3 Kg7 30. h4 Kf6 31. g3 Bh6 32. Ra3 Bf8 33. Rb3 Bh6 34. Ra3
Bf8 35. Rb3 Bh6 1/2-1/2

[Event "Chess Stars 5.0 Blitz"]
[Site "Moscow RUS"]
[Date "2025.06.29"]
[Round "6.1"]
[White "Gunina, Valentina"]
[Black "Goryachkina, Aleksandra"]
[Result "1/2-1/2"]
[WhiteTitle "GM"]
[BlackTitle "GM"]
[WhiteElo "2416"]
[BlackElo "2533"]
[WhiteFideId "4167570"]
[BlackFideId "4147103"]
[EventDate "2025.06.29"]

1. d4 d5 2. c4 e6 3. Nf3 Nf6 4. Nc3 c6 5. Bg5 Nbd7 6. e3 Qa5 7. Nd2 dxc4 8. Bxf6
Nxf6 9. Nxc4 Qc7 10. Rc1 Bd6 11. e4 e5 12. d5 Bb4 13. d6 Qd8 14. a3 Bxc3+ 15.
Rxc3 O-O 16. f3 Be6 17. Nxe5 Re8 18. Qd2 Bd5 19. Qd4 Qxd6 20. Nc4 Qe7 21. Be2 c5
22. Qe3 Bc6 23. Rc1 b6 24. O-O Bb7 25. Rfd1 Rad8 26. Bf1 h6 27. Qc3 Rxd1 28.
Rxd1 Rd8 29. Rxd8+ Qxd8 30. Qd2 Qxd2 31. Nxd2 Kf8 32. Kf2 Ke7 33. Ke3 Nd7 34. f4
Bc6 35. g4 f6 36. h4 g5 37. hxg5 hxg5 38. Nf3 gxf4+ 39. Kxf4 Nf8 40. Nh4 Ne6+
41. Ke3 Ng5 42. Nf5+ Kd7 43. Bd3 b5 44. Bc2 a6 45. b4 c4 46. Nd4 Bb7 47. a4 bxa4
48. Bxa4+ Kd6 49. Kf4 Bxe4 50. b5 axb5 51. Bxb5 Kc5 52. Ke3 Bd5 53. Ba4 Ne6 54.
Nf5 Ng5 55. Bc2 Be6 56. Nh6 Nf7 57. Ng8 Ne5 58. Nxf6 Nxg4+ 59. Nxg4 Bxg4 60. Ke4 1/2-1/2

[Event "Chess Stars 5.0 Blitz"]
[Site "Moscow RUS"]
[Date "2025.06.29"]
[Round "6.2"]
[White "Lagno, Kateryna"]
[Black "Karjakin, Sergey"]
[Result "0-1"]
[WhiteTitle "GM"]
[BlackTitle "GM"]
[WhiteElo "2515"]
[BlackElo "2750"]
[WhiteFideId "14109336"]
[BlackFideId "14109603"]
[EventDate "2025.06.29"]

1. e4 c5 2. Nf3 d6 3. Bb5+ Nd7 4. d4 cxd4 5. Qxd4 Nf6 6. O-O a6 7. Be2 g6 8. Rd1
Bg7 9. e5 dxe5 10. Nxe5 O-O 11. Nc3 Qb6 12. Qxb6 Nxb6 13. Bf3 e6 14. Bf4 Nbd5
15. Nxd5 Nxd5 16. Bxd5 exd5 17. Rxd5 Be6 18. Rd2 g5 19. Bg3 Rad8 20. Rad1 Rxd2
21. Rxd2 Bxa2 22. h4 gxh4 23. Bf4 Be6 24. Rd6 h3 25. gxh3 Bxh3 26. Rb6 Re8 27.
Nd3 Bc8 28. c3 Re6 29. Rb4 b5 30. Be3 Rc6 31. Re4 Be6 32. Nc5 Bf8 33. Nxe6 Rxe6
34. Rd4 Bd6 35. c4 bxc4 36. Rxc4 Kg7 37. Kg2 h5 38. Rc6 Be5 39. Rc2 Bf6 40. b4
Kg6 41. Bc5 Rc6 42. Ra2 Bc3 43. Kf3 f6 44. Ke4 Re6+ 45. Kd5 Kf5 46. Be3 Bxb4 47.
Ra4 a5 48. Ra1 Re5+ 49. Kc4 Re4+ 50. Kd5 h4 51. Rh1 a4 52. Rg1 a3 53. Rg8 a2 54.
Ra8 Re5+ 55. Kc4 Ra5 56. Rxa5+ Bxa5 57. Bd4 h3 0-1

[Event "Chess Stars 5.0 Blitz"]
[Site "Moscow RUS"]
[Date "2025.06.29"]
[Round "6.3"]
[White "Assaubayeva, Bibisara"]
[Black "Hou, Yifan"]
[Result "1-0"]
[WhiteTitle "IM"]
[BlackTitle "GM"]
[WhiteElo "2509"]
[BlackElo "2633"]
[WhiteFideId "13708694"]
[BlackFideId "8602980"]
[EventDate "2025.06.29"]

1. e4 c5 2. Nf3 a6 3. d4 cxd4 4. Nxd4 Nf6 5. Nc3 e5 6. Nf3 Nc6 7. Bc4 Bb4 8. O-O
Bxc3 9. bxc3 d6 10. Ba3 Na5 11. Bb3 Nxb3 12. axb3 Nxe4 13. Re1 f5 14. c4 Be6 15.
Nd2 Nxd2 16. Qxd2 Qd7 17. Bxd6 e4 18. c5 Rd8 19. f3 Qc6 20. fxe4 fxe4 21. Qg5
Rd7 22. Rad1 b6 23. b4 bxc5 24. bxc5 h6 1-0

[Event "Chess Stars 5.0 Blitz"]
[Site "Moscow RUS"]
[Date "2025.06.29"]
[Round "6.4"]
[White "Tomashevsky, Evgeny"]
[Black "Sadhwani, Raunak"]
[Result "1-0"]
[WhiteTitle "GM"]
[BlackTitle "GM"]
[WhiteElo "2681"]
[BlackElo "2672"]
[WhiteFideId "4147235"]
[BlackFideId "35093487"]
[EventDate "2025.06.29"]

1. d4 d6 2. e4 g6 3. Nc3 Bg7 4. Nf3 Nf6 5. Be2 O-O 6. O-O a6 7. a4 b6 8. Re1 Bb7
9. Bf1 Nc6 10. h3 e5 11. dxe5 dxe5 12. Bg5 h6 13. Qxd8 Raxd8 14. Bxf6 Bxf6 15.
Nd5 Kg7 16. Nxc7 Nb4 17. Rac1 Rc8 18. Nd5 Nxd5 19. exd5 Rfe8 20. c4 e4 21. Nd2
Bg5 22. Rcd1 f5 23. Nb3 Bf6 24. Nd4 a5 25. b3 Kf7 26. g3 Be7 27. Ne6 Bb4 28. Re3
Re7 29. g4 Kf6 30. Bg2 Rce8 31. Kf1 Bd6 32. f3 Rxe6 33. dxe6 Bc5 34. Rc3 Bb4 35.
Re3 Bc5 36. Rc3 Rxe6 37. fxe4 fxe4 38. Ke2 Kg5 39. Rc2 Kh4 40. Rc3 h5 41. gxh5
gxh5 42. Rd7 Bc6 43. Rf7 Bd6 44. Re3 Kg5 45. Rg7+ Kh4 46. Rf7 Kg5 47. Rg7+ Kf6
48. Rg8 Bf4 49. Rc3 Rd6 50. Rc2 Rd3 51. c5 b5 52. Rc8 Bd7 53. Rf8+ Ke5 54. c6
Be6 55. c7 Re3+ 56. Kf1 Bg3 57. Re2 Rc3 58. Rxe4+ Kd6 59. Rxe6+ 1-0

[Event "Chess Stars 5.0 Blitz"]
[Site "Moscow RUS"]
[Date "2025.06.29"]
[Round "6.5"]
[White "Artemiev, Vladislav"]
[Black "Radjabov, Teimour"]
[Result "1-0"]
[WhiteTitle "GM"]
[BlackTitle "GM"]
[WhiteElo "2676"]
[BlackElo "2692"]
[WhiteFideId "24101605"]
[BlackFideId "13400924"]
[EventDate "2025.06.29"]

1. d4 d5 2. c4 c6 3. Nc3 Nf6 4. e3 Bf5 5. Qb3 Bc8 6. Nf3 e6 7. Bd3 Nbd7 8. O-O
Be7 9. e4 dxc4 10. Qxc4 O-O 11. e5 Nd5 12. Nxd5 exd5 13. Qc2 g6 14. Bh6 Re8 15.
e6 Nf8 16. exf7+ Kxf7 17. Ne5+ Kg8 18. f4 Bf6 19. Kh1 Ne6 20. Bxg6 hxg6 21.
Qxg6+ Ng7 22. f5 Rf8 23. Rae1 Qe8 24. Qg4 Qh5 25. Qxh5 Nxh5 26. Bxf8 Kxf8 27. g4
Ng7 28. h4 c5 29. dxc5 d4 30. g5 Bxe5 31. Rxe5 d3 32. Rd5 Kf7 33. g6+ Kf6 34.
Rd6+ Ke5 35. f6 Nf5 36. f7 Be6 37. Re1+ Kf4 38. Rexe6 1-0

[Event "Chess Stars 5.0 Blitz"]
[Site "Moscow RUS"]
[Date "2025.06.29"]
[Round "7.1"]
[White "Radjabov, Teimour"]
[Black "Gunina, Valentina"]
[Result "0-1"]
[WhiteTitle "GM"]
[BlackTitle "GM"]
[WhiteElo "2692"]
[BlackElo "2416"]
[WhiteFideId "13400924"]
[BlackFideId "4167570"]
[EventDate "2025.06.29"]

1. e4 c5 2. Nf3 Nc6 3. Bb5 e6 4. O-O Nge7 5. Re1 Nd4 6. Nxd4 cxd4 7. c3 a6 8.
Bf1 Nc6 9. b4 Be7 10. Bb2 d5 11. e5 O-O 12. a3 Qb6 13. cxd4 Nxd4 14. Nc3 Bd7 15.
Rc1 a5 16. Qg4 Nf5 17. b5 Qd8 18. Bd3 g6 19. a4 Bb4 20. Bxf5 exf5 21. Qf4 Be6
22. Ne2 g5 23. Qe3 f4 24. Qd3 Rc8 25. Bc3 Rc4 26. Ra1 Qb6 27. Bd4 Bc5 28. Bxc5
Qxc5 29. h3 Rc8 30. Qf3 Kg7 31. Qh5 h6 32. h4 g4 33. Rad1 f3 34. d4 fxe2 35.
dxc5 exd1=Q 36. Rxd1 R8xc5 37. Kh2 Rxa4 38. Rd3 Re4 39. Rg3 d4 40. f3 Rcxe5 0-1

[Event "Chess Stars 5.0 Blitz"]
[Site "Moscow RUS"]
[Date "2025.06.29"]
[Round "7.2"]
[White "Sadhwani, Raunak"]
[Black "Artemiev, Vladislav"]
[Result "0-1"]
[WhiteTitle "GM"]
[BlackTitle "GM"]
[WhiteElo "2672"]
[BlackElo "2676"]
[WhiteFideId "35093487"]
[BlackFideId "24101605"]
[EventDate "2025.06.29"]

1. e4 e5 2. Nf3 Nc6 3. Bb5 Nf6 4. d3 d6 5. O-O Be7 6. c3 O-O 7. h3 h6 8. Re1 Bd7
9. d4 Nxd4 10. Nxd4 exd4 11. Bxd7 Nxd7 12. cxd4 c5 13. Nc3 Re8 14. Be3 Rc8 15.
Qd2 Nb6 16. Qd3 d5 17. dxc5 Bxc5 18. Bxc5 Rxc5 19. Red1 Qc8 20. exd5 Rd8 21. Rd2
Nc4 22. Rc2 Nxb2 23. Qd4 Rc4 24. Qd2 Na4 25. Rac1 Nxc3 26. Rxc3 Rxd5 27. Rxc4
Qxc4 28. Qe3 Qb5 29. Rc8+ Kh7 30. Qe4+ f5 31. Qe6 Qd7 32. Qg8+ Kg6 33. Re8 Rd1+
34. Kh2 Rd6 35. Re3 f4 36. Re5 Qf7 37. Qb8 Rf6 38. Qxa7 f3 39. g3 Kh7 40. Qe3
Qxa2 41. Qe4+ Kg8 42. Re8+ Rf8 43. Rxf8+ Kxf8 44. Qxf3+ Qf7 45. Qe3 Qd5 46. Qf4+
Kg8 47. g4 b5 48. h4 Qc4 49. Qf5 b4 50. Kg3 Qc3+ 51. Kf4 Qc7+ 52. Ke4 Qc2+ 53.
Kd4 Qxf5 0-1

[Event "Chess Stars 5.0 Blitz"]
[Site "Moscow RUS"]
[Date "2025.06.29"]
[Round "7.3"]
[White "Hou, Yifan"]
[Black "Tomashevsky, Evgeny"]
[Result "1/2-1/2"]
[WhiteTitle "GM"]
[BlackTitle "GM"]
[WhiteElo "2633"]
[BlackElo "2681"]
[WhiteFideId "8602980"]
[BlackFideId "4147235"]
[EventDate "2025.06.29"]

1. e4 e5 2. Nf3 Nc6 3. Bb5 a6 4. Ba4 Nf6 5. O-O Be7 6. Re1 b5 7. Bb3 O-O 8. h3
Bb7 9. d3 d5 10. exd5 Nxd5 11. Nc3 Nxc3 12. bxc3 Bf6 13. Nd2 Na5 14. Ba3 Re8 15.
Ne4 Bxe4 16. Rxe4 Rc8 17. Qh5 g6 18. Qf3 c5 19. Rd1 Kg7 20. Ree1 Nxb3 21. axb3
Qd7 22. c4 Rc6 23. Bb2 Rce6 24. Re4 Kg8 25. Rde1 Bg7 26. Ba3 Qc7 27. R4e2 Rd8
28. Qe3 Rc8 29. Qd2 Rd8 30. Bb2 Rde8 31. Qc1 bxc4 32. bxc4 e4 33. Bxg7 Kxg7 34.
Rxe4 Rxe4 35. dxe4 Qe5 36. Qa3 Re6 37. Qe3 a5 38. f4 Qd4 39. Qxd4+ cxd4 40. Ra1
Rxe4 41. Rxa5 Re2 42. Rd5 Rxc2 43. Rxd4 h5 44. h4 Kf6 45. Kh2 Ke6 46. Kg3 Kf5
47. Rd5+ Kf6 48. c5 Ke6 49. Rd6+ Kf5 50. Rd5+ Ke6 51. Re5+ Kd7 52. Kf3 f6 53.
Rd5+ Ke7 54. f5 Rc3+ 55. Kf2 g5 56. hxg5 fxg5 57. g3 Kf6 58. Kg2 h4 59. gxh4
gxh4 60. Kh2 Kg5 61. Re5 Kf6 62. Rd5 Kg5 1/2-1/2

[Event "Chess Stars 5.0 Blitz"]
[Site "Moscow RUS"]
[Date "2025.06.29"]
[Round "7.4"]
[White "Karjakin, Sergey"]
[Black "Assaubayeva, Bibisara"]
[Result "1-0"]
[WhiteTitle "GM"]
[BlackTitle "IM"]
[WhiteElo "2750"]
[BlackElo "2509"]
[WhiteFideId "14109603"]
[BlackFideId "13708694"]
[EventDate "2025.06.29"]

1. d4 Nf6 2. Nf3 g6 3. c3 Bg7 4. h3 O-O 5. Bf4 d6 6. e3 c5 7. Be2 cxd4 8. exd4
Nd5 9. Bh2 Nc6 10. O-O e5 11. Na3 Re8 12. dxe5 dxe5 13. Nd2 Nf4 14. Bxf4 exf4
15. Re1 Qg5 16. Nf3 Qc5 17. Qb3 Be6 18. Qb5 Qd6 19. Bc4 a6 20. Qb6 Bxc4 21. Nxc4
Qd5 22. Ncd2 Rxe1+ 23. Rxe1 h6 24. Nb3 Rd8 25. Qxb7 a5 26. Qc7 a4 27. Nbd2 a3
28. bxa3 Bxc3 29. Ne4 Bg7 30. a4 Rd7 31. Qb6 Nd4 32. Nxd4 Bxd4 33. Nf6+ Bxf6 34.
Qxf6 Rd8 35. Qxf4 Kg7 36. a3 Ra8 37. Re3 Qd1+ 38. Kh2 Rxa4 39. Qe5+ Kg8 40. Qb8+
Kg7 41. Qb2+ Qd4 42. Qxd4+ Rxd4 43. g3 Ra4 44. Kg2 g5 45. Kf3 f5 46. Ke2 f4 47.
Rc3 fxg3 48. fxg3 Kf6 49. Re3 h5 50. Kd2 Kf5 51. Kc2 h4 52. Kb3 Ra8 53. gxh4
gxh4 54. a4 Kf4 55. Rc3 Rb8+ 56. Ka3 Ra8 57. Rd3 Ke4 58. Rb3 Kf4 59. Rc3 Ra7 60.
Kb4 Rb7+ 61. Kc4 Rc7+ 62. Kd3 Rxc3+ 63. Kxc3 Kg3 64. a5 Kxh3 65. a6 Kh2 66. a7
h3 67. a8=Q Kg1 68. Qg8+ Kh1 69. Qd5+ Kg1 70. Qg5+ Kh1 71. Qf5 Kg2 72. Qg4+ 1-0

[Event "Chess Stars 5.0 Blitz"]
[Site "Moscow RUS"]
[Date "2025.06.29"]
[Round "7.5"]
[White "Goryachkina, Aleksandra"]
[Black "Lagno, Kateryna"]
[Result "1/2-1/2"]
[WhiteTitle "GM"]
[BlackTitle "GM"]
[WhiteElo "2533"]
[BlackElo "2515"]
[WhiteFideId "4147103"]
[BlackFideId "14109336"]
[EventDate "2025.06.29"]

1. e4 e5 2. Nf3 Nc6 3. Nc3 Nf6 4. d4 exd4 5. Nxd4 Bb4 6. Nxc6 bxc6 7. Bd3 d5 8.
exd5 cxd5 9. O-O O-O 10. h3 Bd6 11. Qf3 c6 12. Re1 Rb8 13. b3 h6 14. Bb2 Re8 15.
Rad1 Bd7 16. Bf5 Bxf5 17. Qxf5 Qd7 1/2-1/2

[Event "Chess Stars 5.0 Blitz"]
[Site "Moscow RUS"]
[Date "2025.06.29"]
[Round "8.1"]
[White "Gunina, Valentina"]
[Black "Lagno, Kateryna"]
[Result "1-0"]
[WhiteTitle "GM"]
[BlackTitle "GM"]
[WhiteElo "2416"]
[BlackElo "2515"]
[WhiteFideId "4167570"]
[BlackFideId "14109336"]
[EventDate "2025.06.29"]

1. d4 Nf6 2. c4 e6 3. Nf3 d5 4. Nc3 Be7 5. Bf4 O-O 6. e3 b6 7. Bd3 Ba6 8. cxd5
Nxd5 9. Nxd5 Qxd5 10. O-O Rc8 11. e4 Qb7 12. Rc1 Bxd3 13. Qxd3 Nd7 14. Rfe1 Bd6
15. Bg5 c5 16. d5 exd5 17. exd5 Re8 18. h3 h6 19. Bh4 Nf8 20. b3 Ng6 21. Bg3 Qc7
22. Rxe8+ Rxe8 23. Bxd6 Qxd6 24. Rd1 Nf4 25. Qf5 g6 26. Qc2 Re2 27. Qc4 Rxa2 28.
Re1 Kh7 29. Ne5 Qf6 30. Ng4 Qg5 31. d6 h5 32. Qxf7+ 1-0

[Event "Chess Stars 5.0 Blitz"]
[Site "Moscow RUS"]
[Date "2025.06.29"]
[Round "8.2"]
[White "Assaubayeva, Bibisara"]
[Black "Goryachkina, Aleksandra"]
[Result "1/2-1/2"]
[WhiteTitle "IM"]
[BlackTitle "GM"]
[WhiteElo "2509"]
[BlackElo "2533"]
[WhiteFideId "13708694"]
[BlackFideId "4147103"]
[EventDate "2025.06.29"]

1. e4 c5 2. Nf3 Nc6 3. Nc3 e6 4. d4 cxd4 5. Nxd4 Bc5 6. Nxc6 bxc6 7. Bd3 d5 8.
O-O Nf6 9. e5 Nd7 10. Bf4 g5 11. Bg3 h5 12. h3 Qc7 13. Qe2 Bb7 14. Na4 Bd4 15.
Rae1 O-O-O 16. c3 Bb6 17. Nxb6+ axb6 18. f4 Rdg8 19. f5 h4 20. Bh2 g4 21. hxg4
h3 22. fxe6 fxe6 23. Rf7 hxg2 24. Qxg2 Qd8 25. Ref1 Qg5 26. Be2 Nc5 27. Bf4 Qh4
28. Bg3 Qg5 29. Bf4 Qh4 30. Bg3 Qg5 1/2-1/2

[Event "Chess Stars 5.0 Blitz"]
[Site "Moscow RUS"]
[Date "2025.06.29"]
[Round "8.3"]
[White "Tomashevsky, Evgeny"]
[Black "Karjakin, Sergey"]
[Result "1/2-1/2"]
[WhiteTitle "GM"]
[BlackTitle "GM"]
[WhiteElo "2681"]
[BlackElo "2750"]
[WhiteFideId "4147235"]
[BlackFideId "14109603"]
[EventDate "2025.06.29"]

1. d4 d5 2. c4 dxc4 3. Nf3 Nf6 4. e3 e6 5. Bxc4 a6 6. O-O c5 7. dxc5 Bxc5 8.
Qxd8+ Kxd8 9. Rd1+ Ke7 10. Be2 Nbd7 11. Nbd2 b6 12. b3 Bb7 13. Bb2 1/2-1/2

[Event "Chess Stars 5.0 Blitz"]
[Site "Moscow RUS"]
[Date "2025.06.29"]
[Round "8.4"]
[White "Artemiev, Vladislav"]
[Black "Hou, Yifan"]
[Result "1/2-1/2"]
[WhiteTitle "GM"]
[BlackTitle "GM"]
[WhiteElo "2676"]
[BlackElo "2633"]
[WhiteFideId "24101605"]
[BlackFideId "8602980"]
[EventDate "2025.06.29"]

1. Nf3 d5 2. g3 Nf6 3. Bg2 c5 4. O-O h6 5. b3 Nc6 6. Bb2 Qc7 7. d4 cxd4 8. Nxd4
e5 9. Nb5 Qb6 10. N5c3 d4 11. Ne4 Nxe4 12. Bxe4 Bh3 13. Bg2 Bxg2 14. Kxg2 Be7
15. c3 Rd8 16. cxd4 Nxd4 17. Bxd4 Qc6+ 18. f3 Rxd4 19. Qc1 Qxc1 20. Rxc1 Kd7 21.
e3 Rd3 22. Kf2 e4 23. Nc3 exf3 24. Rd1 Rxd1 25. Rxd1+ Ke6 26. Kxf3 Rd8 27. Rxd8
Bxd8 28. Ke4 f5+ 29. Kd3 Ke5 30. Nb5 a6 31. Na3 Kd5 32. Nc2 h5 33. Nd4 g6 34.
Ne2 g5 35. h4 gxh4 36. Nf4+ Kd6 37. gxh4 Bxh4 38. Nxh5 Ke5 39. Nf4 Bd8 40. Ng6+
Kd5 41. Nf4+ Ke5 42. Ng2 Kd5 43. Ne1 Bf6 44. Nf3 Bd8 45. Nd4 Ke5 46. b4 Be7 47.
a3 Bd6 48. Nb3 Kd5 49. Na5 b6 50. Nc4 Bc7 51. a4 b5 52. axb5 axb5 53. Na3 Bd6
54. Nc2 Be7 55. Nd4 Bxb4 1/2-1/2

[Event "Chess Stars 5.0 Blitz"]
[Site "Moscow RUS"]
[Date "2025.06.29"]
[Round "8.5"]
[White "Radjabov, Teimour"]
[Black "Sadhwani, Raunak"]
[Result "1-0"]
[WhiteTitle "GM"]
[BlackTitle "GM"]
[WhiteElo "2692"]
[BlackElo "2672"]
[WhiteFideId "13400924"]
[BlackFideId "35093487"]
[EventDate "2025.06.29"]

1. d4 d6 2. Nf3 g6 3. e4 Nf6 4. Bd3 Bg7 5. c3 O-O 6. O-O Nc6 7. Re1 Bg4 8. Nbd2
e5 9. h3 Bxf3 10. Nxf3 Re8 11. dxe5 Nxe5 12. Nxe5 Rxe5 13. Bf4 Re6 14. Bc4 Re8
15. Qf3 Nd7 16. Rad1 Qe7 17. Bb3 a5 18. Ba4 Red8 19. Bxd7 Rxd7 20. Rd5 Qe6 21.
a4 b6 22. Red1 Re7 23. e5 dxe5 24. Rxe5 Bxe5 25. Qxa8+ Kg7 26. Re1 Qf6 27. Qe4
Bd6 28. Qxe7 Qxf4 29. Qe4 Qh2+ 30. Kf1 Qh1+ 31. Ke2 Qh2 32. Kd1 Bc5 33. Qe5+
Qxe5 34. Rxe5 Bxf2 35. g4 Kf6 36. Rd5 Ke6 37. Rd3 Bc5 38. Ke2 Bd6 39. Kf3 f5 40.
gxf5+ gxf5 41. Rd4 Be7 42. b4 Bf6 43. Rc4 Kd6 44. bxa5 bxa5 45. Ke2 Kd7 46. Rc5 1-0

[Event "Chess Stars 5.0 Blitz"]
[Site "Moscow RUS"]
[Date "2025.06.29"]
[Round "9.1"]
[White "Sadhwani, Raunak"]
[Black "Gunina, Valentina"]
[Result "1-0"]
[WhiteTitle "GM"]
[BlackTitle "GM"]
[WhiteElo "2672"]
[BlackElo "2416"]
[WhiteFideId "35093487"]
[BlackFideId "4167570"]
[EventDate "2025.06.29"]

1. e4 c5 2. Nf3 Nc6 3. Bb5 e6 4. Bxc6 bxc6 5. d3 Ne7 6. h4 f6 7. e5 d6 8. exd6
Nf5 9. Nc3 Bxd6 10. Ne4 O-O 11. b3 e5 12. h5 Nd4 13. h6 g6 14. c3 Nxf3+ 15. Qxf3
Be6 16. Ba3 Qa5 17. Nxd6 Qxa3 18. Qxc6 Qa5 19. Ne4 Qb6 20. Qxc5 Qxc5 21. Nxc5
Bd5 22. f3 Kf7 23. Kd2 Ke7 24. c4 Bg8 25. Kc3 Kd6 26. b4 Rfc8 27. a3 f5 28. Rhe1
a5 29. Nb7+ Kc7 30. Nxa5 Re8 31. a4 Ra6 32. Nb3 g5 33. a5 Rxh6 34. a6 Kb8 35. b5
Rd8 36. Rxe5 1-0

[Event "Chess Stars 5.0 Blitz"]
[Site "Moscow RUS"]
[Date "2025.06.29"]
[Round "9.2"]
[White "Hou, Yifan"]
[Black "Radjabov, Teimour"]
[Result "1/2-1/2"]
[WhiteTitle "GM"]
[BlackTitle "GM"]
[WhiteElo "2633"]
[BlackElo "2692"]
[WhiteFideId "8602980"]
[BlackFideId "13400924"]
[EventDate "2025.06.29"]

1. e4 e5 2. Nf3 Nc6 3. Bc4 Bc5 4. d3 h6 5. O-O d6 6. c3 Bb6 7. Re1 Nge7 8. d4
O-O 9. h3 Ng6 10. Be3 Qf6 11. Bb3 Re8 12. Na3 Nf4 13. Nc4 exd4 14. Bxf4 Qxf4 15.
Nxb6 axb6 16. Nxd4 Bd7 17. Re3 Ne5 18. Ne2 Qf6 19. Ng3 g6 20. Qf1 Be6 21. Bxe6
Rxe6 22. f4 Nd7 23. Qf3 Rae8 24. Rf1 R6e7 25. a3 c6 26. Rd1 Nc5 27. Rde1 b5 28.
Qd1 Qxf4 29. Rf3 Qe5 30. Ref1 Ne6 31. Qd3 Ng5 32. Rf6 Re6 33. R6f4 d5 34. exd5
Qxd5 35. Qxd5 cxd5 36. h4 Ne4 37. Nxe4 dxe4 38. Rxf7 R8e7 39. Rxe7 Rxe7 40. Rf6
Kg7 41. Rb6 Rd7 42. Rxb5 e3 43. Kf1 Rd2 44. Rxb7+ Kf6 45. a4 Kf5 46. a5 Ke4 47.
a6 Kd3 48. Rd7+ Kc2 49. Re7 Kd3 50. Rd7+ Kc2 51. Re7 Kd3 52. Rd7+ Kc2 1/2-1/2

[Event "Chess Stars 5.0 Blitz"]
[Site "Moscow RUS"]
[Date "2025.06.29"]
[Round "9.4"]
[White "Goryachkina, Aleksandra"]
[Black "Tomashevsky, Evgeny"]
[Result "1/2-1/2"]
[WhiteTitle "GM"]
[BlackTitle "GM"]
[WhiteElo "2533"]
[BlackElo "2681"]
[WhiteFideId "4147103"]
[BlackFideId "4147235"]
[EventDate "2025.06.29"]

1. d4 Nf6 2. c4 e6 3. Nf3 d5 4. Nc3 Be7 5. Bf4 O-O 6. e3 Nbd7 7. Be2 dxc4 8.
Bxc4 a6 9. a4 c5 10. O-O cxd4 11. Qxd4 Nb6 12. Bb3 Qxd4 13. Nxd4 Bd7 14. a5 Nbd5
15. Nxd5 Nxd5 16. Bxd5 exd5 17. Rfc1 1/2-1/2

[Event "Chess Stars 5.0 Blitz"]
[Site "Moscow RUS"]
[Date "2025.06.29"]
[Round "9.5"]
[White "Lagno, Kateryna"]
[Black "Assaubayeva, Bibisara"]
[Result "1/2-1/2"]
[WhiteTitle "GM"]
[BlackTitle "IM"]
[WhiteElo "2515"]
[BlackElo "2509"]
[WhiteFideId "14109336"]
[BlackFideId "13708694"]
[EventDate "2025.06.29"]

1. e4 c5 2. Nf3 d6 3. Nc3 Nf6 4. e5 dxe5 5. Nxe5 a6 6. a4 Qc7 7. d4 cxd4 8. Qxd4
e6 9. Bf4 Bc5 10. Qc4 Bd6 11. Qxc7 Bxc7 12. Nd3 Bxf4 13. Nxf4 Nc6 14. O-O-O O-O
15. Be2 b6 16. Bf3 Bb7 17. Rd6 Rfc8 18. Rhd1 Rc7 19. Ne4 Nxe4 20. Bxe4 Kf8 21.
h4 Rac8 22. h5 h6 23. c3 Ke7 24. Kb1 Ne5 25. Bxb7 Rxb7 26. R6d4 Rbc7 27. Re4 Kf6
28. Nd3 Nc4 29. Rf4+ Ke7 30. Rg4 Kf6 31. Rf4+ Ke7 32. Rg4 1/2-1/2